000 03008nam0a2200373 4500
001 RU\NLR\BIBL_A\022312613
005 20260420014124.0
010 _a978-5-93190-433-7
_958
021 _aRU
_bКН-П-24-043046
_9КН-П-24-4287
035 _a(NLR Aleph) 022312613
090 _a13664380
_c13664380
100 _a20240903d2024 k y0rusy50 ca
101 0 _arus
_deng
_eeng
102 _aRU
105 _aa z 100yy
181 0 _ai3
_baxxe
182 0 _an
200 1 _aАктуальные вопросы математического образования: состояние, проблемы и перспективы развития
_eсборник статей по материалам VIII Всероссийской научно-практической конференции с международным участием, 10-12 апреля 2024 года
_fДепартамент образования и науки Ханты-Мансийского автономного округа - Югры, Бюджетное учреждение высшего образования Ханты-Мансийского автономного округа - Югры "Сургутский государственный педагогический университет", Кафедра высшей математики и информатики
_gответственный редактор: А. В. Иванова, кандидат педагогических наук, доцент
203 _aТекст
_bвизуальный
_cнепосредственный
210 _aСургут
_cСургутский государственный педагогический университет
_d2024
215 _a168 с.
_cил., цв. ил., табл.
_d29
300 _aРез. англ.
320 _aБиблиогр. в конце ст.
606 1 _aФизико-математическое образование
_jСборники
_92495042
_3RU\NLR\AUTH\661480160
686 1 _aЧ488.2я43
702 1 _4340
_7ca
_8rus
_aИванова
_bА. В.
_cканд. пед. наук
_gАнгелина Валерьевна
_92642116
_3RU\NLR\AUTH\770272233
711 1 2 _a"Актуальные вопросы математического образования: состояние, проблемы и перспективы развития", всероссийская научно-практическая конференция с международным участием
_d8
_eСургут
_f2024
_9887194
_3RU\NLR\AUTH\880615343
712 0 2 _4570
_aСургутский государственный педагогический университет
_bКафедра высшей математики и информатики
_9842042
_3RU\NLR\AUTH\880588097
942 _cBOOK
980 _aNB